000 00447pab a2200181 454500
008 180718b2010 xxu||||| |||| 00| 0 eng d
100 _aFeeny, Simon
245 _aAid and growth in small island developing states
260 _c2010
300 _ap.897-917.
362 _aMay
650 _aForeign aid
650 _aSmall states
700 _aMcgillivray, Mark
773 _aJournal of Development Studies
908 _aN
909 _a87047
999 _c87047
_d87047